000 00200nam a22000977a 4500
003 SGT
245 _aIIM KOZHIKODE SOCIETY & MANAGEMENT REVIEW
260 _bSAGE
_c2023
300 _a261
942 _2ddc
_cBV
999 _c32086
_d32086